[Event "Women's Speed Chess Q4"]
[Site "chess.com INT"]
[Date "2020.06.21"]
[Round "6"]
[White "Gvanceladze, Anna"]
[Black "Jakubowska, Anna"]
[Result "0-1"]
[WhiteTitle "WFM"]
[BlackTitle "WIM"]
[WhiteElo "2254"]
[BlackElo "2073"]
[WhiteFideId "4113721"]
[BlackFideId "1121952"]
[EventDate "2020.06.21"]

1. Nf3 f5 2. d4 Nf6 3. g3 g6 4. Bg2 Bg7 5. h4 d6 6. c4 c6 7. Nc3 h6 8. Bf4 Be6
9. d5 Bf7 10. Qd2 Nbd7 11. Nd4 cxd5 12. cxd5 Nb6 13. Ne6 Bxe6 14. dxe6 Qc8 15.
O-O Rb8 16. e4 Qxe6 17. exf5 Qxf5 18. Rfe1 O-O 19. Rxe7 Nh5 20. Be3 d5 21. Bxd5+
Nxd5 22. Qxd5+ Qxd5 23. Nxd5 Bxb2 24. Rb1 Bg7 25. Rbxb7 Rxb7 26. Rxb7 a5 27. Ra7
Re8 28. Rxa5 Kh7 29. Ra7 Kh8 30. a4 Rb8 31. Kg2 Rb2 32. g4 Nf6 33. Nxf6 Bxf6 34.
Bxh6 Bd4 35. Rf7 Kg8 36. Rf3 Rb4 37. a5 Ba7 38. Bd2 Rxg4+ 39. Kh3 Ra4 40. Rf6
Kg7 41. Ra6 Bxf2 42. Bc3+ Kf7 43. Ra8 Ra3 44. Rc8 Bd4 45. Kg4 Bxc3 46. a6 Bd4
47. Rc7+ Kf6 48. Rc6+ Kf7 49. Kg5 Be3+ 50. Kg4 Ra4+ 51. Kg3 Bd4 52. Kg4 Bf6+ 53.
Kh3 Rxh4+ 54. Kg3 Ra4 55. Rb6 Be5+ 56. Kf3 g5 57. Ke3 g4 58. Rc6 g3 59. Kf3 Ra3+
60. Kg2 Ra2+ 61. Kg1 Bd4+ 0-1

[Event "Women's Speed Chess Q4"]
[Site "chess.com INT"]
[Date "2020.06.21"]
[Round "6"]
[White "Eswaran, Ashritha"]
[Black "Bulmaga, Irina"]
[Result "1-0"]
[WhiteTitle "WIM"]
[BlackTitle "IM"]
[WhiteElo "2244"]
[BlackElo "2440"]
[WhiteFideId "2080788"]
[BlackFideId "13903063"]
[EventDate "2020.06.21"]

1. Nf3 Nf6 2. g3 b6 3. Bg2 Bb7 4. d4 e6 5. c4 Be7 6. Nc3 O-O 7. O-O Ne4 8. Qc2
f5 9. Nd2 d5 10. Ndxe4 fxe4 11. cxd5 exd5 12. Be3 Nd7 13. f3 exf3 14. exf3 Nf6
15. Rae1 Bd6 16. Bg5 Qd7 17. Bxf6 Rxf6 18. f4 c6 19. Re2 Re8 20. Rfe1 Rxe2 21.
Qxe2 Rf8 22. a3 a5 23. Bf3 Bc8 24. Nd1 Qf7 25. Nf2 Qf6 26. Qe3 Bf5 27. Ng4 Bxg4
28. Bxg4 Rd8 29. Kg2 Bf8 30. Be6+ Kh8 31. Qd3 c5 32. Re5 cxd4 33. Bxd5 Bc5 34.
Be4 h6 35. Qb5 Bf8 36. Rd5 Rc8 37. Qd3 Bc5 38. b4 axb4 39. axb4 Bxb4 40. Rxd4
Bc5 41. Rd7 Re8 42. Bg6 Ra8 43. Be4 Re8 44. Bg6 Rf8 45. Rd5 Qb2+ 46. Kh3 Qf6 47.
Re5 Rd8 48. Qe2 Bf8 49. Re8 Rxe8 50. Qxe8 b5 51. Bd3 b4 52. Qe4 g6 53. Qc4 Kg7
54. Bc2 Be7 55. Bb3 Qf5+ 56. Kg2 Qf8 57. Qd4+ Bf6 58. Qd7+ Kh8 59. Qe6 Qg7 60.
Qe8+ Kh7 61. Qe6 Bc3 62. Bc2 1-0

[Event "Women's Speed Chess Q4"]
[Site "chess.com INT"]
[Date "2020.06.21"]
[Round "6"]
[White "Pham, Bich Ngoc"]
[Black "Matveeva, Olga"]
[Result "1-0"]
[WhiteTitle "WIM"]
[BlackTitle "WIM"]
[WhiteElo "2235"]
[BlackElo "2171"]
[WhiteFideId "12401285"]
[BlackFideId "24107018"]
[EventDate "2020.06.21"]

1. g3 Nf6 2. Bg2 e6 3. e4 d5 4. e5 Nfd7 5. f4 c5 6. Nf3 Nc6 7. d3 Be7 8. O-O O-O
9. Nc3 f6 10. exf6 Bxf6 11. Kh1 Kh8 12. Qe2 Re8 13. Bd2 b6 14. Rae1 Bb7 15. Nb5
Nf8 16. Ne5 Qe7 17. c3 a6 18. Na3 Nd7 19. Qh5 Bxe5 20. fxe5 Rf8 21. Bf4 Rf5 22.
Qg4 Ndxe5 23. Bxe5 Nxe5 24. Qh3 Raf8 25. Rxf5 Rxf5 26. d4 Ng6 27. Qxf5 exf5 28.
Rxe7 Nxe7 29. Nc4 b5 30. Nd6 Bc6 31. dxc5 Kg8 32. Kg1 Kf8 33. Kf2 g6 34. Bf3 Ng8
35. Ke3 Nf6 36. Nc8 Ne4 37. Na7 Ba8 38. c6 Ke7 39. c7 Bb7 40. c8=Q Bxc8 41.
Nxc8+ Ke6 42. Bxe4 dxe4 43. Kd4 g5 44. Nb6 h5 45. Nd5 h4 46. Nc7+ Kd6 47. Nxa6
f4 48. gxf4 g4 49. Kxe4 h3 50. f5 g3 51. f6 gxh2 52. f7 h1=Q+ 53. Ke3 Qe1+ 54.
Kf4 Qf1+ 55. Kg4 Qxf7 56. Kxh3 Ke5 57. Nb4 Kf4 58. Kg2 Qg6+ 59. Kf2 Qg3+ 60. Ke2
Qe3+ 61. Kd1 Qh3 62. Kc2 Ke4 63. Kb3 Qf1 64. Ka3 Qc4 65. Na6 Qc6 66. Nb4 Qa8+
67. Kb3 Qg8+ 68. Kc2 Qh7 69. Kd2 Qh2+ 70. Kc1 Ke3 71. Nd5+ 1-0

[Event "Women's Speed Chess Q4"]
[Site "chess.com INT"]
[Date "2020.06.21"]
[Round "6"]
[White "Batsiashvili, Nino"]
[Black "Kubicka, Anna"]
[Result "1/2-1/2"]
[WhiteTitle "GM"]
[BlackTitle "WIM"]
[WhiteElo "2457"]
[BlackElo "2256"]
[WhiteFideId "13602993"]
[BlackFideId "1152254"]
[EventDate "2020.06.21"]

1. d4 Nf6 2. Nf3 g6 3. g3 Bg7 4. Bg2 O-O 5. O-O d6 6. b3 Nbd7 7. Bb2 c5 8. dxc5
Nxc5 9. c4 Bd7 10. Nc3 Bc6 11. Rc1 Nfd7 12. Qd2 Qb6 13. Nd5 Bxd5 14. cxd5 Bxb2
15. Qxb2 Nf6 16. h4 Nxd5 17. h5 Nf6 18. h6 Ne6 19. Bh3 Rac8 20. Rxc8 Rxc8 21.
Bxe6 fxe6 22. Ng5 d5 23. Qe5 Qd6 24. Qxe6+ Qxe6 25. Nxe6 Rc2 26. Nd4 Rxa2 27.
Rc1 Kf7 28. Rc7 Ng4 29. Rxb7 Nxh6 30. Nc6 Rxe2 31. Kf1 Rc2 32. Nxe7 Ke6 33. Rxa7
Ng4 34. b4 Rxf2+ 35. Ke1 Rb2 36. Nc6 Ne5 37. Nd4+ Kd6 38. Ra6+ Kc7 39. b5 Nd3+
40. Kd1 Nf2+ 41. Kc1 Nd3+ 42. Kd1 Nf2+ 43. Ke1 Nd3+ 44. Kf1 Ne5 45. Ne6+ Kb7 46.
Nc5+ Kb8 47. b6 Nc4 48. b7 Kc7 49. Ra8 Nd6 50. b8=Q+ Rxb8 51. Na6+ Kb7 52. Rxb8+
Kxa6 53. Rh8 Ne4 54. Kg2 Kb5 55. Rxh7 Kc4 56. Rg7 g5 57. Kf3 Kd3 58. Rd7 d4 59.
Rd5 Nd2+ 60. Kg4 Ne4 61. Kf3 Nd2+ 62. Kg4 Ne4 63. Re5 Nd2 64. Rxg5 Ne4 65. Re5
Nc3 66. Kf3 Kc2 67. Re8 d3 68. Rd8 d2 69. g4 d1=Q+ 70. Rxd1 Nxd1 71. g5 Nc3 72.
g6 Nd5 73. Ke4 Ne7 74. g7 Kc3 75. Ke5 Ng8 76. Ke6 Kd4 77. Kf7 Nh6+ 78. Kg6 Ng8
79. Kf7 Nh6+ 80. Kg6 Ng8 81. Kf7 1/2-1/2

[Event "Women's Speed Chess Q4"]
[Site "chess.com INT"]
[Date "2020.06.21"]
[Round "6"]
[White "Schut, Lisa"]
[Black "Golubenko, Valentina"]
[Result "1-0"]
[WhiteTitle "WIM"]
[BlackTitle "WGM"]
[WhiteElo "2259"]
[BlackElo "2209"]
[WhiteFideId "1019481"]
[BlackFideId "4501993"]
[EventDate "2020.06.21"]

1. e4 g6 2. d4 Bg7 3. Nc3 c5 4. dxc5 Qa5 5. Ne2 Qxc5 6. Be3 Qc7 7. g3 Nf6 8. Bg2
O-O 9. O-O Nc6 10. Kh1 d6 11. f4 Ng4 12. Bg1 a6 13. Nd5 Qd8 14. Bb6 Qd7 15. Rb1
e6 16. Ne3 Nxe3 17. Bxe3 b5 18. f5 Bb7 19. f6 Bh8 20. Qd2 Ne5 21. b3 Ng4 22. Bg5
Rfd8 23. h3 Ne5 24. Rbd1 Qc7 25. Nf4 Rac8 26. Rf2 Qc3 27. Qxc3 Rxc3 28. Nd3 Nd7
29. e5 d5 30. Be3 Nxe5 31. Bd4 Nxd3 32. cxd3 Rcc8 33. Be5 g5 34. d4 h6 35. Bf1
Rc3 36. Bd3 Rdc8 37. Kh2 b4 38. h4 a5 39. hxg5 hxg5 40. Kh3 Rc1 41. Rfd2 Rxd1
42. Rxd1 Rc6 43. Kg4 Ba6 44. Bxa6 Rxa6 45. Rc1 Kh7 46. Kxg5 Ra8 47. Rh1+ Kg8 48.
Rc1 Kh7 49. Rc7 Rg8+ 50. Kh5 Rf8 51. g4 Kg8 52. Rb7 Rd8 53. g5 Rc8 54. Rb8 Rxb8
55. Bxb8 Kh7 56. Bc7 e5 57. Bxe5 Kg8 58. Bc7 Kf8 59. Bxa5 Ke8 60. Bxb4 Kd7 61.
Be7 Ke6 62. a4 Kf5 63. a5 Ke4 64. a6 Kxd4 65. a7 Kc3 66. a8=Q d4 67. Qc6+ Kd3
68. Qd5 Kc3 69. Qc5+ Kd3 70. b4 Ke3 71. b5 Ke4 72. b6 d3 73. Qc4+ Ke3 74. b7 1-0

[Event "Women's Speed Chess Q4"]
[Site "chess.com INT"]
[Date "2020.06.21"]
[Round "6"]
[White "Priyanka, K"]
[Black "Daulyte-Cornette, Deimante"]
[Result "0-1"]
[WhiteTitle "WIM"]
[BlackTitle "IM"]
[WhiteElo "2218"]
[BlackElo "2400"]
[WhiteFideId "5082986"]
[BlackFideId "12802859"]
[EventDate "2020.06.21"]

1. e4 Nf6 2. e5 Nd5 3. d4 d6 4. c4 Nb6 5. exd6 cxd6 6. Nc3 g6 7. Be3 Bg7 8. Rc1
O-O 9. b3 Bf5 10. Nf3 d5 11. c5 Nc8 12. Bd3 Bg4 13. O-O Nc6 14. Be2 e6 15. h3
Bxf3 16. Bxf3 N8e7 17. b4 Nf5 18. Ne2 Qf6 19. b5 Ncxd4 20. Nxd4 Nxd4 21. Bxd4
Qxd4 22. Qxd4 Bxd4 23. Rfd1 Be5 24. c6 bxc6 25. Rxc6 Rfc8 26. Rdc1 Rxc6 27. Rxc6
Rb8 28. a4 Kf8 29. Kf1 Ke7 30. Ke2 Kd7 31. Kd3 Rc8 32. Ra6 Rc3+ 33. Kd2 Rc7 34.
Kd3 Kc8 35. b6 axb6 36. Rxb6 Rc3+ 37. Kd2 Ra3 38. Bd1 Bd4 39. Rc6+ Kd7 40. Ra6
Bxf2 41. Ra8 Bb6 42. Rb8 Ba5+ 43. Ke2 Kd6 44. Rb7 Bc7 45. Bc2 e5 46. Ra7 f5 47.
Ra6+ Kc5 48. Rf6 e4 49. Rf7 Ba5 50. Rxh7 Ra2 51. Kd1 d4 52. Rd7 d3 53. Bxd3 Rd2+
54. Kc1 Rxd3 55. Rg7 Rg3 56. Re7 Rxg2 57. h4 Bd2+ 58. Kd1 e3 59. h5 gxh5 60. a5
Bxa5 61. Re5+ Kb6 62. Re6+ Kc7 63. Re5 e2+ 64. Rxe2 Rxe2 65. Kxe2 Kd6 66. Kf3
Ke5 67. Kg3 Ke4 68. Kh4 f4 69. Kxh5 f3 70. Kg6 f2 71. Kg7 f1=Q 72. Kh8 Qg2 73.
Kh7 Kf5 74. Kh8 Bc3+ 75. Kh7 Qg7# 0-1

[Event "Women's Speed Chess Q4"]
[Site "chess.com INT"]
[Date "2020.06.21"]
[Round "6"]
[White "Thipsay, Bagyashree Sathe"]
[Black "Huda, Maryana"]
[Result "1-0"]
[WhiteTitle "WIM"]
[BlackTitle "WGM"]
[WhiteElo "2072"]
[BlackElo "2128"]
[WhiteFideId "5001013"]
[BlackFideId "14116553"]
[EventDate "2020.06.21"]

1. e4 e5 2. Nf3 Nc6 3. Bc4 Bc5 4. d3 Nf6 5. c3 d6 6. Bb3 a6 7. Nbd2 Ba7 8. h3 h6
9. Nc4 Be6 10. Ne3 d5 11. Nf5 Rg8 12. Qe2 Qd7 13. g4 O-O-O 14. Ba4 b5 15. Bb3
dxe4 16. dxe4 Qd3 17. Qxd3 Rxd3 18. Ke2 Rd7 19. Ng3 b4 20. Ba4 Bc4+ 21. Ke1 Bb5
22. Bxb5 axb5 23. Bd2 bxc3 24. bxc3 Rgd8 25. Ke2 Na5 26. Rhd1 Nc4 27. Be1 Rxd1
28. Rxd1 Rxd1 29. Kxd1 g6 30. Kc2 Nd7 31. Nd2 Ndb6 32. Nxc4 Nxc4 33. Kb3 Kd7 34.
a4 c6 35. axb5 cxb5 36. Nf1 Bc5 37. f3 Ke6 38. Nd2 Nxd2+ 39. Bxd2 h5 40. c4
bxc4+ 41. Kxc4 Bf2 42. Bc3 f5 43. gxf5+ gxf5 44. Bb2 Bg3 45. Kc5 fxe4 46. fxe4
Bf4 47. Kc6 Bg3 48. Kc7 Bf2 49. Kd8 Bd4 50. Bc1 Kf6 51. Ke8 Kg6 52. Ke7 Bc3 53.
Ke6 Bd4 54. h4 Bc3 55. Bg5 Bd4 56. Bf6 Bf2 57. Be7 Be1 58. Kxe5 Bc3+ 59. Ke6 Bb2
60. e5 Bc3 61. Bg5 Bb2 62. Kd5 Kf5 63. e6 Ba3 64. e7 Bxe7 65. Bxe7 Kg6 66. Ke6
Kh6 67. Kf5 1-0

[Event "Women's Speed Chess Q4"]
[Site "chess.com INT"]
[Date "2020.06.21"]
[Round "6"]
[White "Michelle Catherina, P"]
[Black "Milliet, Sophie"]
[Result "1-0"]
[WhiteTitle "WIM"]
[BlackTitle "IM"]
[WhiteElo "2176"]
[BlackElo "2401"]
[WhiteFideId "5005736"]
[BlackFideId "623725"]
[EventDate "2020.06.21"]

1. e4 c5 2. Nf3 d6 3. d4 cxd4 4. Nxd4 Nf6 5. Nc3 a6 6. h3 e5 7. Nb3 b5 8. g4 b4
9. Nd5 Nxd5 10. Qxd5 Ra7 11. Be3 Be6 12. Qd2 Rb7 13. Bg2 Be7 14. f4 O-O 15. O-O
f6 16. f5 Bc4 17. Rfd1 a5 18. Qf2 Nd7 19. Nd2 Bf7 20. b3 Qc7 21. Rac1 Rc8 22. c4
Nc5 23. Nf1 Qc6 24. Ng3 a4 25. Rb1 axb3 26. axb3 Ra7 27. h4 Ra3 28. Qc2 Rca8 29.
g5 Bd8 30. gxf6 Bxf6 31. Bg5 Nd7 32. Kh2 Qc5 33. Rd2 Bxg5 34. hxg5 Qe3 35. Rxd6
Nc5 36. Qd1 Qxg5 37. f6 Qh4+ 38. Kg1 Nb7 39. Nf5 Qg5 40. Rd3 Qxf6 41. Rg3 Bg6
42. Qd5+ Qf7 43. Ne7+ Kf8 44. Nxg6+ hxg6 45. Rf3 Qxf3 46. Bxf3 Nd8 47. Rf1 Ra1
48. Bd1+ Ke8 49. Qxe5+ Kd7 50. Qxg7+ Kc6 51. Qxg6+ Kc5 52. Rf5+ Kd4 53. Qd6+ Kc3
54. Rf3+ Kb2 55. Qd2+ Ka3 56. Rf6 Nb7 57. Rb6 Nc5 58. Qxb4+ Kb2 59. Qxc5 Rxd1+
60. Kf2 Rd3 61. Qe5+ Kc2 62. Rf6 Ra2 63. Kg2 Kxb3+ 64. Rf2 Ra4 65. Qb5+ Rb4 66.
Qa5 Rxc4 67. Qa2+ Kb4 68. Qb1+ Rb3 69. Qe1+ Kc5 70. Rf5+ Kd4 71. Rd5# 1-0

[Event "Women's Speed Chess Q4"]
[Site "chess.com INT"]
[Date "2020.06.21"]
[Round "7"]
[White "Tomilova, Elena"]
[Black "Girya, Olga"]
[Result "1/2-1/2"]
[WhiteTitle "WGM"]
[BlackTitle "WGM"]
[WhiteElo "2353"]
[BlackElo "2469"]
[WhiteFideId "4162340"]
[BlackFideId "4195752"]
[EventDate "2020.06.21"]

1. d4 d5 2. c4 c6 3. cxd5 cxd5 4. Bf4 Nc6 5. e3 Nf6 6. Nc3 Bf5 7. Nf3 e6 8. Bd3
Bxd3 9. Qxd3 Bd6 10. Bxd6 Qxd6 11. O-O O-O 12. Rac1 Rac8 13. h3 a6 14. a3 h6 15.
Na4 Nd7 1/2-1/2

[Event "Women's Speed Chess Q4"]
[Site "chess.com INT"]
[Date "2020.06.21"]
[Round "7"]
[White "Kiran, Manisha Mohanty"]
[Black "Shukhman, Anna"]
[Result "0-1"]
[WhiteTitle "WGM"]
[BlackTitle "WCM"]
[WhiteElo "2168"]
[BlackElo "1866"]
[WhiteFideId "5019575"]
[BlackFideId "54180058"]
[EventDate "2020.06.21"]

1. e4 c5 2. Nf3 e6 3. d4 cxd4 4. Nxd4 Nf6 5. Nc3 d6 6. g4 e5 7. Nf5 h5 8. g5
Nxe4 9. Bb5+ Nc6 10. Nxg7+ Bxg7 11. Nxe4 d5 12. Nf6+ Bxf6 13. gxf6 Qa5+ 14. c3
Qxb5 0-1

[Event "Women's Speed Chess Q4"]
[Site "chess.com INT"]
[Date "2020.06.21"]
[Round "7"]
[White "Bodnaruk, Anastasia"]
[Black "Koridze, Lile"]
[Result "1-0"]
[WhiteTitle "IM"]
[BlackTitle "WFM"]
[WhiteElo "2411"]
[BlackElo "1996"]
[WhiteFideId "4181751"]
[BlackFideId "13612514"]
[EventDate "2020.06.21"]

1. e4 c5 2. Nc3 Nc6 3. Bb5 Nd4 4. Bc4 e6 5. Nge2 Nxe2 6. Qxe2 d6 7. O-O Nf6 8.
d3 Be7 9. f4 O-O 10. Bb3 a6 11. a4 b6 12. g4 Bb7 13. g5 Nd7 14. Be3 Qc7 15. h4
Qc6 16. f5 e5 17. Nd5 Bd8 18. g6 Kh8 19. Qh5 fxg6 20. fxg6 1-0

[Event "Women's Speed Chess Q4"]
[Site "chess.com INT"]
[Date "2020.06.21"]
[Round "7"]
[White "Havanecz, Bianka"]
[Black "Sukandar, Irine Kharisma"]
[Result "0-1"]
[WhiteTitle "WIM"]
[BlackTitle "IM"]
[WhiteElo "2251"]
[BlackElo "2413"]
[WhiteFideId "704814"]
[BlackFideId "7101937"]
[EventDate "2020.06.21"]

1. d4 Nf6 2. c4 c5 3. d5 b5 4. cxb5 a6 5. bxa6 g6 6. Nc3 Bxa6 7. e4 Bxf1 8. Kxf1
d6 9. Nf3 Bg7 10. g3 O-O 11. Kg2 Qb6 12. a4 Na6 13. Qe2 Nc7 14. Nd2 Rfb8 15. h4
Qa6 16. Qxa6 Rxa6 17. Ra3 Nd7 18. Nc4 Rb4 19. Ne3 Bxc3 20. bxc3 Rbxa4 21. Rxa4
Rxa4 22. f3 Ra2+ 23. Kh3 Ne5 24. f4 Nd3 25. Nd1 Nxc1 0-1

[Event "Women's Speed Chess Q4"]
[Site "chess.com INT"]
[Date "2020.06.21"]
[Round "7"]
[White "Janzelj, Lara"]
[Black "Jakubowska, Anna"]
[Result "1-0"]
[WhiteTitle "WIM"]
[BlackTitle "WIM"]
[WhiteElo "2210"]
[BlackElo "2073"]
[WhiteFideId "14608391"]
[BlackFideId "1121952"]
[EventDate "2020.06.21"]

1. c4 e5 2. g3 Nc6 3. Nc3 g6 4. Bg2 Bg7 5. e4 d6 6. Nge2 h5 7. h4 Bg4 8. f3 Be6
9. d3 Nge7 10. Nd5 Qd7 11. Qb3 Nd8 12. Bg5 Bxd5 13. cxd5 c6 14. Bh3 Qc7 15. dxc6
bxc6 16. Rc1 Rb8 17. Qc3 O-O 18. O-O Qb6+ 19. Kh2 f6 20. Bd2 Qxb2 21. Qa5 Qb6
22. Qa3 Nf7 23. Be6 c5 24. Rb1 Qxb1 25. Rxb1 Rxb1 26. Nc3 Rb7 27. Qa6 Rfb8 28.
Qxd6 Rb6 29. Qxe7 Rf8 30. Bc1 Rbb8 31. Nd5 1-0

[Event "Women's Speed Chess Q4"]
[Site "chess.com INT"]
[Date "2020.06.21"]
[Round "7"]
[White "Assaubayeva, Bibisara"]
[Black "Turova, Irina"]
[Result "1/2-1/2"]
[WhiteTitle "FM"]
[BlackTitle "IM"]
[WhiteElo "2364"]
[BlackElo "2381"]
[WhiteFideId "13708694"]
[BlackFideId "4120876"]
[EventDate "2020.06.21"]

1. d4 Nf6 2. c4 e6 3. Nf3 Bb4+ 4. Nbd2 d6 5. a3 Bxd2+ 6. Bxd2 Qe7 7. Bg5 e5 8.
e3 h6 9. Bh4 Nbd7 10. Be2 Nf8 11. c5 Ng6 12. cxd6 cxd6 13. Bg3 O-O 14. O-O Ne4
15. dxe5 dxe5 16. Rc1 Nxg3 17. hxg3 Bf5 18. Qb3 Rac8 19. Bc4 Be4 20. Bd5 Bxd5
21. Qxd5 Rfd8 22. Qe4 b6 23. Rfd1 Rxd1+ 24. Rxd1 Rd8 25. Rxd8+ Qxd8 26. Qb7 Qd1+
27. Kh2 Qe2 28. Qa8+ Kh7 29. Qxa7 e4 30. Nh4 Nxh4 31. gxh4 Qxf2 32. Qxb6 Qxh4+
33. Kg1 Qe1+ 34. Kh2 Qh4+ 35. Kg1 Qe1+ 36. Kh2 Qh4+ 1/2-1/2

[Event "Women's Speed Chess Q4"]
[Site "chess.com INT"]
[Date "2020.06.21"]
[Round "7"]
[White "Linares Napoles, Oleiny"]
[Black "Skuhala, Barbara"]
[Result "1/2-1/2"]
[WhiteTitle "WGM"]
[BlackTitle "WFM"]
[WhiteElo "2215"]
[BlackElo "2095"]
[WhiteFideId "3504794"]
[BlackFideId "14605465"]
[EventDate "2020.06.21"]

1. c4 Nf6 2. Nc3 e6 3. e4 d5 4. e5 d4 5. exf6 dxc3 6. bxc3 Qxf6 7. Nf3 e5 8. Bd3
Bf5 9. Bxf5 Qxf5 10. O-O Nc6 11. d4 Be7 12. Re1 O-O 13. Nxe5 Nxe5 14. Rxe5 Qd7
15. c5 Bf6 16. Re1 b6 17. Ba3 Rfe8 18. Qf3 Rxe1+ 19. Rxe1 Re8 20. Re3 h6 21. h3
Rxe3 22. fxe3 Qa4 23. cxb6 axb6 24. Bb4 Qxa2 25. Qc6 Qb1+ 26. Kh2 Qe1 27. Qxc7
Qxe3 28. Bd6 h5 29. Qc8+ Kh7 30. Qf5+ Kg8 31. Qc8+ Kh7 32. Qf5+ Kg8 33. Qc8+ 1/2-1/2

[Event "Women's Speed Chess Q4"]
[Site "chess.com INT"]
[Date "2020.06.21"]
[Round "7"]
[White "Kanyamarala, Trisha"]
[Black "Martynkova, Olena"]
[Result "1-0"]
[WhiteTitle "WIM"]
[BlackTitle "WIM"]
[WhiteElo "2193"]
[BlackElo "2222"]
[WhiteFideId "45004722"]
[BlackFideId "14134039"]
[EventDate "2020.06.21"]

1. d4 d5 2. c4 c6 3. cxd5 cxd5 4. Nc3 Nf6 5. Bf4 a6 6. e3 Nc6 7. Bd3 g6 8. h3
Bg7 9. Nf3 O-O 10. O-O h6 11. Ne5 Nxe5 12. Bxe5 Be6 13. Qb3 b5 14. a4 bxa4 15.
Nxa4 Nd7 16. Bg3 f5 17. Rfc1 g5 18. Bc7 Qe8 19. Rc6 Qf7 20. Nb6 Nxb6 21. Qxb6
Bd7 22. Rc5 f4 23. exf4 Bxd4 24. Qxh6 Bxc5 25. Be5 1-0

[Event "Women's Speed Chess Q4"]
[Site "chess.com INT"]
[Date "2020.06.21"]
[Round "7"]
[White "Gunina, Valentina"]
[Black "Mrudul, Dehankar"]
[Result "1-0"]
[WhiteTitle "GM"]
[BlackTitle "WIM"]
[WhiteElo "2431"]
[BlackElo "2256"]
[WhiteFideId "4167570"]
[BlackFideId "25096990"]
[EventDate "2020.06.21"]

1. e4 c5 2. Nf3 d6 3. d4 cxd4 4. Qxd4 a6 5. Be2 Nc6 6. Qd3 Nf6 7. O-O g6 8. c4
Bg7 9. Nc3 O-O 10. Bf4 Nd7 11. Qd2 Nc5 12. Be3 Bxc3 13. Qxc3 Nxe4 14. Qc2 Nf6
15. Rad1 Bf5 16. Qb3 Qc7 17. h3 Rac8 18. Bb6 Qb8 19. Qe3 Nd7 20. Qh6 f6 21. Be3
Be6 22. b3 Bf7 23. Nd4 Nxd4 24. Rxd4 Be6 25. Re4 Ne5 26. Rh4 Rf7 27. f4 Nd7 28.
Bd3 Rc7 29. Bxg6 Rg7 30. Bxh7+ Kf7 31. f5 1-0

[Event "Women's Speed Chess Q4"]
[Site "chess.com INT"]
[Date "2020.06.21"]
[Round "7"]
[White "Golubenko, Valentina"]
[Black "Alexanian, Nelli"]
[Result "0-1"]
[WhiteTitle "WGM"]
[BlackTitle "WIM"]
[WhiteElo "2209"]
[BlackElo "1986"]
[WhiteFideId "4501993"]
[BlackFideId "4170539"]
[EventDate "2020.06.21"]

1. d4 d5 2. g3 c5 3. Bg2 Nf6 4. dxc5 e5 5. Nc3 Be6 6. Bg5 e4 7. Bxf6 gxf6 8. b4
a5 9. a3 b6 10. cxb6 axb4 11. axb4 Rxa1 12. Qxa1 Bxb4 13. Qa4+ Nc6 14. Qxc6+ Bd7
15. Qc7 Qxc7 16. bxc7 Bxc3+ 17. Kd1 Ke7 18. e3 Ra8 19. c8=N+ Bxc8 20. Ke2 Ra1
21. f4 Ba6+ 22. Kf2 Be1# 0-1

[Event "Women's Speed Chess Q4"]
[Site "chess.com INT"]
[Date "2020.06.21"]
[Round "7"]
[White "Solozhenkina, Elizaveta"]
[Black "Goryachkina, Aleksandra"]
[Result "1/2-1/2"]
[WhiteTitle "WIM"]
[BlackTitle "GM"]
[WhiteElo "2301"]
[BlackElo "2582"]
[WhiteFideId "34106615"]
[BlackFideId "4147103"]
[EventDate "2020.06.21"]

1. e4 e6 2. d4 d5 3. Nd2 Nf6 4. e5 Nfd7 5. Bd3 c5 6. c3 Nc6 7. Ne2 cxd4 8. cxd4
f6 9. exf6 Nxf6 10. O-O Bd6 11. Nf3 O-O 12. Bf4 Bxf4 13. Nxf4 Ne4 14. Qc1 Ng5
15. Nxg5 Qxg5 16. Ne2 Qf6 17. Qd2 a6 18. Rad1 Bd7 19. Bb1 Be8 20. Nc3 Bh5 21. f3
Rae8 22. Rfe1 Bg6 23. Bxg6 Qxg6 24. Qf2 Re7 25. Qg3 Qf6 26. Qf2 Rd8 27. Re2 h6
28. Red2 Na5 29. Re2 Nc6 30. Red2 Qf4 31. Ne2 Qg5 32. Nc3 Qf6 33. Rd3 Nb4 34.
R3d2 Nc6 35. Rd3 Nb4 36. R3d2 Nc6 1/2-1/2

[Event "Women's Speed Chess Q4"]
[Site "chess.com INT"]
[Date "2020.06.21"]
[Round "7"]
[White "De Seroux, Camille"]
[Black "Nikulina, Alena"]
[Result "1-0"]
[WhiteTitle "WIM"]
[BlackTitle "WFM"]
[WhiteElo "2137"]
[BlackElo "1887"]
[WhiteFideId "1305620"]
[BlackFideId "4172051"]
[EventDate "2020.06.21"]

1. e4 c5 2. Nc3 Nc6 3. Bb5 e6 4. Bxc6 bxc6 5. d3 d5 6. f4 Bd6 7. Nf3 Ne7 8. O-O
d4 9. Na4 Ng6 10. e5 Be7 11. b3 Ba6 12. Qd2 Bb5 13. Nb2 a5 14. a4 Ba6 15. Qe1
O-O 16. Nd2 Qd5 17. Ne4 f5 18. exf6 Bxf6 19. Bd2 e5 20. f5 Ne7 21. Bxa5 Bc8 22.
g4 h6 23. Nc4 Ba6 24. Nb6 Qf7 25. Nd6 Bh4 26. Qxh4 Qf6 27. Qxf6 gxf6 28. Nxa8
Rxa8 1-0

[Event "Women's Speed Chess Q4"]
[Site "chess.com INT"]
[Date "2020.06.21"]
[Round "7"]
[White "Khotenashvili, Bela"]
[Black "Kiolbasa, Oliwia"]
[Result "1-0"]
[WhiteTitle "GM"]
[BlackTitle "WIM"]
[WhiteElo "2458"]
[BlackElo "2160"]
[WhiteFideId "13602640"]
[BlackFideId "1154613"]
[EventDate "2020.06.21"]

1. Nf3 Nf6 2. g3 c5 3. Bg2 Nc6 4. c4 g6 5. O-O Bg7 6. Nc3 O-O 7. d3 d6 8. Rb1 a5
9. Bg5 Ne8 10. Ne1 Nc7 11. Qc1 Rb8 12. Nc2 Nd4 13. Nxd4 cxd4 14. Ne4 Ne6 15. Bh6
b5 16. Bxg7 Kxg7 17. b3 bxc4 18. bxc4 Qc7 19. Rxb8 Qxb8 20. Qa1 f6 21. Rb1 Qc7
22. Bh3 Qa7 23. Nd2 Ng5 24. Bg2 Bh3 25. Rb7 Qc5 26. Rxe7+ Kh8 27. Qb2 Bxg2 28.
Kxg2 Qc6+ 29. f3 Qc8 30. Qxd4 Qh3+ 31. Kg1 h5 32. Qxd6 h4 33. Ne4 hxg3 34. Qxg3
Qf5 35. Qh4+ Kg8 36. Qg4 Nh3+ 37. Kf1 Rb8 38. Qxf5 gxf5 39. Nxf6+ Kf8 40. Nd7+ 1-0

[Event "Women's Speed Chess Q4"]
[Site "chess.com INT"]
[Date "2020.06.21"]
[Round "7"]
[White "Sedina, Elena"]
[Black "Filippova, Margarita"]
[Result "0-1"]
[WhiteTitle "IM"]
[BlackTitle "WFM"]
[WhiteElo "2299"]
[BlackElo "1931"]
[WhiteFideId "812153"]
[BlackFideId "34199680"]
[EventDate "2020.06.21"]

1. e4 e5 2. Nf3 Nc6 3. Bc4 Bc5 4. O-O Nf6 5. d3 O-O 6. Re1 Re8 7. h3 Na5 8. Bb5
c6 9. Ba4 b5 10. c3 bxa4 11. Qxa4 Nb7 12. Bg5 h6 13. Bh4 Bf8 14. Nbd2 Nc5 15.
Qc2 Ba6 16. d4 Nd3 17. Re3 Rb8 18. Rxd3 Bxd3 19. Qxd3 exd4 20. e5 g5 21. Nxg5
hxg5 22. Bxg5 Rxe5 23. Bf4 Reb5 24. Qg3+ Bg7 25. cxd4 Nh5 0-1